Lessons of Experience: Financial Institutions. (Record no. 513)

MARC details
005 - DATE AND TIME OF LATEST TRANSACTION
control field 20250623075233.0
020 ## - INTERNATIONAL STANDARD BOOK NUMBER
International Standard Book Number 0-8213-4343-2
082 ## - DEWEY DECIMAL CLASSIFICATION NUMBER
Classification number 332.109 IFC
245 ## - TITLE STATEMENT
Title Lessons of Experience: Financial Institutions.
260 ## - PUBLICATION, DISTRIBUTION, ETC.
Place of publication, distribution, etc. Washington,
Name of publisher, distributor, etc. International Finance Corporation,
Date of publication, distribution, etc. 1998.
300 ## - PHYSICAL DESCRIPTION
Extent ix,135p.: ill.; figures.
Dimensions 27cm
700 ## - ADDED ENTRY--PERSONAL NAME
Other authors/Editors INTERNATIONAL FINANCE CORPORATION.
856 ## - ELECTRONIC LOCATION AND ACCESS
Link text Access Online Book.
Electronic name Finance
Path http//wwwworldbank.org
942 ## - ADDED ENTRY ELEMENTS (KOHA)
Source of classification or shelving scheme Dewey Decimal Classification
Koha item type Books
Holdings
Date last seen Total checkouts Full call number Barcode Cost, replacement price Price effective from Koha item type Lost status Source of classification or shelving scheme Damaged status Not for loan Withdrawn status Home library Current library Shelving location Date acquired Cost, normal purchase price
03/12/2025   332.109 IFC 0000002123 54000.00 03/12/2025 Books   Dewey Decimal Classification       College of Business Education Main Library College of Business Education Main Library General Collection 03/12/2025 18000.00
03/12/2025   332.109 IFC 0000002124 54000.00 03/12/2025 Books   Dewey Decimal Classification       College of Business Education Main Library College of Business Education Main Library General Collection 03/12/2025 18000.00
03/12/2025   332.109 IFC 0000002125 54000.00 03/12/2025 Books   Dewey Decimal Classification       College of Business Education Main Library College of Business Education Main Library General Collection 03/12/2025 18000.00
03/12/2025   332.109 IFC 0000002126 54000.00 03/12/2025 Books   Dewey Decimal Classification       College of Business Education Main Library College of Business Education Main Library General Collection 03/12/2025 18000.00
03/12/2025   332.109 IFC 0000002127 54000.00 03/12/2025 Books   Dewey Decimal Classification       College of Business Education Main Library College of Business Education Main Library General Collection 03/12/2025 18000.00